01627nam a2200289 a 450000100100000000500170001000800410002704000250006808200200009311001130011324500660022626000870029230000380037950400290041759000250044665000350047165000450050665000320055171000590058391000370064295201330067995201330081295201330094595201180107895201240119699900170132000003934820250702113508.0130625s1996 dr ad 000 0 spa d aDO-SdBNPbspacBNPHU a338.6048bB213e2 aBanco Central de la República DominicanabInstituto Dominicano de Tecnología Industrial (INDOTEC)96553810aEncuesta de detección de necesidades del sector industrial. aSanto Domingo :bInstituto Dominicano de Tecnología Industrial (INDOTEC),c1996. a37 p. :bil., gráfcs. ;c28 cm. aBibliografía: p.35 -37 aInventariado,2018/DG 0a Competencia económica98351 4aCompetencia industrialxEncuestas965539 4aIndustriaxEncuestas9655402 aInstituto Dominicano de Tecnología Industrial964231 aValidado. Control de calidad EMS 001054708DSaGRbGRcHDd2013-10-02iLF1l0o338.6048 B213ep39348-30r2020-06-25te. 3w2020-06-25yLFDSZPréstamo en sala 001054708DSaGRbGRcHDd2014-05-07iLF1l0o338.6048 B213ep39348-40r2020-06-25te. 4w2020-06-25yLFDSZPréstamo en sala 001054708DSaGRbGRcHDd2014-05-14iLF1l0o338.6048 B213ep39348-50r2020-06-25te. 5w2020-06-25yLFDSZPréstamo en sala 0010718PDaPDbPDcHDd2013-06-25iLF1l0o338.6048 B213ep39348-10r2020-06-25w2020-06-25yLFPDZNo se presta 0010718PDaPDbPDcHDd2013-09-12iLF1l0o338.6048 B213ep39348-20r2020-06-25te. 2w2020-06-25yLFPDZNo se presta c38838d38838